<?xml version="1.0" encoding="UTF-8"?>
<record
    xmlns:xsi="http://www.w3.org/2001/XMLSchema-instance"
    xsi:schemaLocation="http://www.loc.gov/MARC21/slim http://www.loc.gov/standards/marcxml/schema/MARC21slim.xsd"
    xmlns="http://www.loc.gov/MARC21/slim">

  <leader>01618    a2200241   4500</leader>
  <controlfield tag="001">40113</controlfield>
  <controlfield tag="005">20260407155656.0</controlfield>
  <controlfield tag="008">260407a1986    arg                 spa d</controlfield>
  <controlfield tag="003">AR-UNSa-BCEJYS</controlfield>
  <datafield tag="040" ind1=" " ind2=" ">
    <subfield code="a">AR-UNSa-BCEJYS</subfield>
    <subfield code="b">spa</subfield>
    <subfield code="c">AR-UNSa-BCEJYS</subfield>
  </datafield>
  <datafield tag="080" ind1=" " ind2=" ">
    <subfield code="a">930.1</subfield>
    <subfield code="x">La historia como ciencia. Teor&#xED;a y filosof&#xED;a de la historia. Morfolog&#xED;a de la historia</subfield>
  </datafield>
  <datafield tag="245" ind1="1" ind2="0">
    <subfield code="a">Lecciones sobre la filosofia de la historia universal</subfield>
  </datafield>
  <datafield tag="020" ind1=" " ind2=" ">
    <subfield code="a">84-206-2265-6</subfield>
  </datafield>
  <datafield tag="264" ind1=" " ind2="1">
    <subfield code="a">Madrid :</subfield>
    <subfield code="b">Alianza Editorial</subfield>
    <subfield code="c">1986</subfield>
  </datafield>
  <datafield tag="300" ind1=" " ind2=" ">
    <subfield code="a">701 p.</subfield>
    <subfield code="c">20 cm.</subfield>
  </datafield>
  <datafield tag="505" ind1=" " ind2=" ">
    <subfield code="a">Introducci&#xF3;n general: 1. La visi&#xF3;n racional de la historia universal - 2. La idea de la historia y su realizaci&#xF3;n - 3. El curso de la historia universal - Introducci&#xF3;n especial: 1. La distinta manera de considerar la historia - 2. La conexi&#xF3;n de la naturaleza o los fundanemtos geogr&#xE1;ficos de la historia universal - 3. Divisi&#xF3;n de la historia universal - Parte I: El mundo oriental : 1. China - 2. India - 3. Persia - 4. Asia occidental - 5. Egipto - Parte II: El mundo griego : 1. Los elementos del mundo griego - 2. La madurez del esp&#xED;ritu griego - 3. La afirmaci&#xF3;n hist&#xF3;rica del esp&#xED;ritu griego - Parte III: El mundo romano : 1. Los elementos del espiritu romano - 2. Historia del estado romano - 3. El cristianismo - Parte IV: El mundo germ&#xE1;nico : 1. Primer periodo : El comienzo - 2. Segundo periodo: La edad media - 3. Tercer periodo : La edad moderna </subfield>
  </datafield>
  <datafield tag="041" ind1=" " ind2=" ">
    <subfield code="a">spa</subfield>
  </datafield>
  <datafield tag="942" ind1=" " ind2=" ">
    <subfield code="c">BK</subfield>
  </datafield>
  <datafield tag="590" ind1=" " ind2=" ">
    <subfield code="a">niveau_biblio:m niveau_hierar:0</subfield>
  </datafield>
  <datafield tag="100" ind1="1" ind2=" ">
    <subfield code="a">Wilhelm, Georg</subfield>
  </datafield>
  <datafield tag="700" ind1="1" ind2=" ">
    <subfield code="a">Hegel, Georg Wilhelm Friedrich</subfield>
  </datafield>
  <datafield tag="700" ind1="1" ind2=" ">
    <subfield code="a">Ortega y Gasset, Jos&#xE9;</subfield>
  </datafield>
  <datafield tag="999" ind1=" " ind2=" ">
    <subfield code="c">3180</subfield>
    <subfield code="d">3180</subfield>
  </datafield>
  <datafield tag="952" ind1=" " ind2=" ">
    <subfield code="0">0</subfield>
    <subfield code="1">0</subfield>
    <subfield code="4">0</subfield>
    <subfield code="7">0</subfield>
    <subfield code="a">BCEJYS</subfield>
    <subfield code="b">BCEJYS</subfield>
    <subfield code="c">16</subfield>
    <subfield code="d">2026-04-07</subfield>
    <subfield code="l">0</subfield>
    <subfield code="o">930.1 W678</subfield>
    <subfield code="p">L45754</subfield>
    <subfield code="r">2026-04-07 15:56:56</subfield>
    <subfield code="w">2026-04-07</subfield>
    <subfield code="y">L</subfield>
  </datafield>
</record>
